Nuevo estatuto de filiación y los derechos esenciales
Kaydedildi:
| Yazar: | |
|---|---|
| Materyal Türü: | Kitap |
| Dil: | İspanyolca |
| Baskı/Yayın Bilgisi: |
Santiago
Jurídica Conosur
2001
|
| Seri Bilgileri: | Cursos y Manuales
|
| Konular: | |
| Etiketler: |
Etiketle
Etiket eklenmemiş, İlk siz ekleyin!
|
MARC
| LEADER | 00000nam a2200000 a 4500 | ||
|---|---|---|---|
| 001 | UCN4910 | ||
| 003 | CL-VaPUC | ||
| 008 | 010817e20010000CL |||||||||||||||||spa|d | ||
| 082 | 0 | 4 | |a 346.015 |b LOP |2 21 |
| 100 | |a López Rivera, Gissella A. |e autora |9 461029 | ||
| 245 | 1 | 0 | |a Nuevo estatuto de filiación y los derechos esenciales |
| 300 | |a 224 p | ||
| 942 | |c BK | ||
| 945 | |d 20010817 00:00:00 |a vberengu | ||
| 260 | |a Santiago |b Jurídica Conosur |c 2001 | ||
| 650 | 0 | |a Derecho de familia |9 255603 | |
| 650 | 0 | |a Derecho sucesorio |9 255015 | |
| 650 | 0 | |a Filiación |9 256647 | |
| 650 | 0 | |a Peternidad |9 254922 | |
| 650 | 0 | |a Maternidad |9 335758 | |
| 650 | 0 | |a Patria potestad |9 369365 | |
| 650 | 7 | |a FILIACION - DERECHO Y LEGISLACION |2 CL-VaPUC |9 456459 | |
| 583 | |a last modification |c 20010817 00:00:00 |k Rodrigo Vera | ||
| 490 | 0 | |a Cursos y Manuales | |
| 999 | |c 296754 |d 296752 | ||
| 952 | |0 0 |1 0 |4 0 |6 346_015000000000000_LOP_2001 |7 0 |8 A |9 350900 |a BIBDER |b BIBDER |d 2019-11-20 |i 3739198 |o 346.015 LOP 2001 |p 3739198 |r 2023-01-25 |w 2019-11-20 |y BK |k DER | ||